Turbomachines (Record no. 6341)

000 -LEADER
fixed length control field 00565nam a2200205 i 4500
001 - CONTROL NUMBER
control field 6341
003 - CONTROL NUMBER IDENTIFIER
control field BD-DhUET
008 - FIXED-LENGTH DATA ELEMENTS--GENERAL INFORMATION
fixed length control field 800825s1981 nyua b 001 0 eng
020 ## - INTERNATIONAL STANDARD BOOK NUMBER
International Standard Book Number 0471060364
040 ## - CATALOGING SOURCE
Original cataloging agency DLC
Transcribing agency DLC
Modifying agency BD-DhUET
082 ## - DEWEY DECIMAL CLASSIFICATION NUMBER
Classification number 621.165
Item number BAL/1981
100 1# - MAIN ENTRY--PERSONAL NAME
Personal name Balje, O. E.
245 10 - TITLE STATEMENT
Title Turbomachines
Remainder of title a guide to design selection and theory
Statement of responsibility, etc. by O. E. Balje
250 ## - EDITION STATEMENT
Edition statement 1st ed.
260 ## - PUBLICATION, DISTRIBUTION, ETC. (IMPRINT)
Place of publication, distribution, etc. New York
Name of publisher, distributor, etc. John Wiley and Sons
Date of publication, distribution, etc. 1981
300 ## - PHYSICAL DESCRIPTION
Extent x, 513 p.
Other physical details ill.
Dimensions 24 cm.
504 ## - BIBLIOGRAPHY, ETC. NOTE
Bibliography, etc Includes bibliographies
650 #0 - SUBJECT ADDED ENTRY--TOPICAL TERM
Topical term or geographic name as entry element Turbomachines
942 ## - ADDED ENTRY ELEMENTS (KOHA)
Koha item type General Book
Holdings
Koha item type Koha full call number Withdrawn status Damaged status Copy number Shelving location Location (home branch) Piece designation (barcode) Sublocation or collection (holding branch) Source of classification or shelving scheme Price effective from Koha date last seen Date acquired Koha normalized classification for sorting Not for loan Lost status
General Book621.165/BAL/1981  1Circulation sectionCentral Library, BUET61480Central Library, BUET 2014-12-022014-12-022014-12-02621_000000000000000_165BAL1981  
General Book621.165 /BAL/1981  9Circulation sectionCentral Library, BUET61485Central Library, BUET 2014-12-072015-04-262014-12-07621_165000000000000_BAL1981  
General Book621.165 /BAL/1981  6Circulation sectionCentral Library, BUET61482Central Library, BUET 2014-12-072014-12-072014-12-07621_165000000000000_BAL1981  
General Book621.165 /BAL/1981  10Circulation sectionCentral Library, BUET61486Central Library, BUET 2014-12-072014-12-072014-12-07621_165000000000000_BAL1981  
General Book621.165 /BAL/1981  3Circulation sectionCentral Library, BUET61479Central Library, BUET 2014-12-072014-12-072014-12-07621_165000000000000_BAL1981  
General Book621.165 /BAL/1981  5Circulation sectionCentral Library, BUET61481Central Library, BUET 2014-12-072014-12-072014-12-07621_165000000000000_BAL1981  
General Book621.165 /BAL/1981  8Circulation sectionCentral Library, BUET61484Central Library, BUET 2014-12-072014-12-072014-12-07621_165000000000000_BAL1981  
General Book621.165 /BAL/1981  2Circulation sectionCentral Library, BUET61478Central Library, BUET 2014-12-072014-12-072014-12-07621_165000000000000_BAL1981  
General Book621.165/BAL/1981  11Circulation sectionCentral Library, BUET61477Central Library, BUET 2015-04-232015-04-232015-04-23621_165000000000000_BAL_1981